000 00413nmm a2200145Ia 4500
008 251105s9999||||xx |||||||||||||||||und||
041 _aspa
100 _aWit, Chris de
245 0 _aEl legado de Damián :
_b Los Silverwalkers 1
264 _a[Madrid, España] :
_bEdiciones B,
_c2017
300 _a603 páginas
650 _aRomance
856 _uhttps://public.digitaliapublishing.com/a/54387
942 _cCF
999 _c106314
_d106314